Egg Laying Animals - Sudden Death - Statistics

General Stats
  • This quiz has been taken 5,234 times
  • The average score is 4 of 16
Answers on the Grid
Answers color-coded by a green-red scale on the quiz's grid according to % correct below.
Armadillo
Barbary macaque
Blue shark
Boa constrictor
Bottlenose dolphin
Bumblebee
Corn snake
Dingo
Dugong
Echidna
Gannet
Greater kudu
Green anaconda
Guppy
Hawksbill turtle
Hermit crab
Horned viper
Humpback whale
Natterjack toad
Osprey
Ostrich
Palmate newt
Pipistrelle bat
Platypus
Raven
Roadrunner
Saltwater crocodile
Stickleback
Sugar glider
Water vole
Weasel
Wombat
 
Answer Stats
Answer % Correct
Ostrich
47%
Platypus
40%
Raven
39%
Saltwater crocodile
33%
Hawksbill turtle
31%
Corn snake
30%
Osprey
30%
Horned viper
24%
Roadrunner
24%
Echidna
21%
Hermit crab
17%
Natterjack toad
14%
Bumblebee
13%
Gannet
11%
Palmate newt
11%
Stickleback
6%
No matching quizzes found
Score Distribution
Percent of People with Each Score
Percentile by Number Answered
Your Score History
You have not taken this quiz